Statistics for Super Smash Bros. Melee Top 8 Finishers at GENESIS

Click here to take the quiz!

General Stats

  • This quiz has been taken 121 times
    (32 since last reset)
  • The average score is 17 of 34

Answer Stats

TournamentPlacementCharactersPlayer% Correct
GENESIS3JigglypuffHungrybox
100%
GENESIS1Jigglypuff, FalcoMango
100%
GENESIS2Peach, FoxArmada
83%
GENESIS5Sheik, MarthMew2King
83%
GENESIS 64YoshiaMSa
79%
GENESIS 45FoxLeffen
79%
GENESIS 71MarthZain
79%
GENESIS 36Falco, MarthPPMD
72%
GENESIS 34PikachuAxe
69%
GENESIS 82Sheik, FoxJmook
69%
GENESIS X7Captain FalconWizzrobe
66%
GENESIS 83FoxCody Schwab
62%
GENESIS 45SheikPlup
62%
GENESIS 28Captain FalconS2J
55%
GENESIS 93FoxMoky
52%
GENESIS 47Falco, FoxWestballz
45%
GENESIS6Captain FalconScar
41%
GENESIS 26Dr. MarioShroomed
41%
GENESIS 97Jigglypuff2saint
38%
GENESIS8Captain FalconHax
38%
GENESIS 57SamusHugS
38%
GENESIS 77Captain Falconn0ne
38%
GENESIS 65MarthPewPewU
38%
GENESIS 35FoxSFAT
38%
GENESIS 87PeachlloD
34%
GENESIS 55FoxLucky
34%
GENESIS 23Marth, MewtwoTaj
34%
GENESIS 67FalcoGinger
31%
GENESIS4Falco, FoxZhu
31%
GENESIS 75FoxFiction
28%
GENESIS7Captain FalconDarkrain
24%
GENESIS 37Ice ClimbersNintendude
24%
GENESIS 37FoxIce
21%
GENESIS 87PeachKalamazhu
21%

Score Distribution

Percentile by Number Answered

Percent of People with Each Score

Your Score History

You have not taken this quiz since the last reset